Statistics for Countries with the Largest Aircraft Fleet-2017

Click here to take the quiz!

General Stats

  • This quiz has been taken 40 times
  • The average score is 12 of 15

Answer Stats

Number of PlanesCountry% Correct
3,173China
100%
6,703USA
100%
376France
94%
832Germany
94%
577Russia
94%
490United Kingdom
92%
409Brazil
89%
579Canada
86%
610India
86%
483Japan
81%
429Australia
78%
549Turkey
61%
683United Arab Emirates
53%
448Qatar
33%
500Ireland
31%

Score Distribution

Percentile by Number Answered

Percent of People with Each Score

Your Score History

You have not taken this quiz